000 00820nas a2200289 4500
001 BR0901496
003 BR-BrBNA
005 20231205113248.0
007 ta
008 230509b bl.|||p| |||| 00| 00por d
040 _aBR-BrBNA
_bpor
_cBiblioteca Nacional de Agricultura
041 _a(Pt)
072 _aL73
100 1 _aSantos, F.C.O.
100 1 _aSouza, M.V. de
100 1 _aGraça, D.L.
100 1 _aVargas, A.
100 1 _aMoreira, J. do C.L.
100 1 _aZandim, B.M.
245 1 _aPiodermite profunda por Staphylococcus intermedius em equino
650 _aCAVALO
650 _aDOENÇA ANIMAL
650 _aBACTÉRIA
773 0 _tCiência Rural (Brazil)
_xISSN 0103-8478
_g(Dec 2008), v. 38(9) p. 2641-2645
_wBR0901496
909 _a202311
_bLúcia
_c55
_dLúcia Elande
942 _2AGRIS
_n0
_cANA
999 _c202771
_d202771